Thesaurus Ökonomie: Teil I: Alphabetischer Teil - Teil II: Systematischer Teil (Record no. 2285)

MARC details
000 -LEADER
fixed length control field 00399nam a22001697i 4500
001 - CONTROL NUMBER
control field 2306
003 - CONTROL NUMBER IDENTIFIER
control field OSt
005 - DATE AND TIME OF LATEST TRANSACTION
control field 20170126082304.0
007 - PHYSICAL DESCRIPTION FIXED FIELD--GENERAL INFORMATION
fixed length control field tu
008 - FIXED-LENGTH DATA ELEMENTS--GENERAL INFORMATION
fixed length control field 161220s1971 xxu||||| |||| 00| 0 d
024 7# - OTHER STANDARD IDENTIFIER
Standard number or code 2305
Source of number or code RID
040 ## - CATALOGING SOURCE
Transcribing agency OSt
084 ## - OTHER CLASSIFICATION NUMBER
Classification number 23.1
Number source z
245 00 - TITLE STATEMENT
Title Thesaurus Ökonomie: Teil I: Alphabetischer Teil - Teil II: Systematischer Teil
260 ## - PUBLICATION, DISTRIBUTION, ETC.
Place of publication, distribution, etc. Berlin (DDR),
Date of publication, distribution, etc. 1971.
300 ## - PHYSICAL DESCRIPTION
Dimensions 30cm
942 ## - ADDED ENTRY ELEMENTS (KOHA)
Koha item type Book
Holdings
Withdrawn status Lost status Damaged status Not for loan Home library Current library Shelving location Date acquired Inventory number Total Checkouts Full call number Barcode Date last seen Price effective from Koha item type
        WIIW WIIW Souterrain 06/21/1995 2306   II-504/1,2 302304 01/26/2017 01/26/2017 Book
The Vienna Instiute for International Economic Studies (wiiw)